01444nam a2200349 a 4500001001100000003000800011006001900019007001500038008004100053010001700094020004000111040002100151035002000172050002400192082001600216100001800232245010500250260003900355300002400394504006600418533015200484600003500636600003200671650003700703650002500740650004100765651006200806651005500868655002900923710001700952856012500969ebr5005018CaPaEBRm u cr cn|||||||||960819s1997 ctua sb 001 0 eng  z 96042274  z0275958213 (hardcover : alk. paper) aCaPaEBRcCaPaEBR a(OCoLC)4987106914aE83.79b.E34 1997eb04a973.4/12211 aEdel, Wilbur.10aKekionga!h[electronic resource] :bthe worst defeat in the history of the U.S. Army /cWilbur Edel. aWestport, Conn. :bPraeger,c1997. axii, 148 p. :bill. aIncludes bibliographical references (p. [139]-143) and index. aElectronic reproduction.bPalo Alto, Calif. :cebrary,d2013.nAvailable via World Wide Web.nAccess may be limited to ebrary affiliated libraries.10aSt. Clair, Arthur,d1734-1818.00aLittle Turtle,d1747?-1812. 0aKekionga, Battle of, Ohio, 1791. 0aMiami IndiansxWars. 0aMiami IndiansxGovernment relations. 0aUnited StatesxHistoryyConstitutional period, 1789-1809. 0aUnited StatesxPolitics and governmenty1789-1809. 7aElectronic books.2local2 aebrary, Inc.40uhttp://site.ebrary.com/lib/rucke/Doc?id=5005018zAn electronic book accessible through the World Wide Web; click to view